000 00509cam a22001812a 4500
001 016189
003 AR-FADEU
008 311216n2002####xxu####################dd
092 _aD343.82
_bA691
110 _aArgentina
245 _aLey 25.601 Código penal : Homicidio agravado. Agentes de las fuerzas de seguridad
260 _aBuenos Aires
260 _bLa Ley
260 _c2002
440 _aAntecedentes parlamentarios
_n17
650 _aLEY 25.601-HOMICIDIO; HOMICIDIO AGRAVADO
942 _cBDGR
999 _c21947
_d21947